Potenciálna rizikovosť zložky syntetického agregačného feromónu (-cis- verbenolu pre živočíšne organizmy vodného prostredia

Bibliographic Details
Main Authors: Paulov, Štefan, 1931- (Author), Paulovová, Jana, 1935- (Author), Varkonda, Štefan, 1937- (Author)
Format: Article
Language:Slovak
PhysicalDescription:Obr. 1. Res. rus., lit. 3 zázn. v slov., češ., angl.
Subjects:

MARC

LEADER 00000nab a2200000 a 4500
001 vtls000220543
003 SK-MaSNL
005 20260304063815.0
008 250422c1985 xo 0 slo
015 |a SNBRB19rr/mm-uuuuu 
035 |a CL0230657 
035 |a urn:nbn:sk:snk-abbeti 
035 |a (urnnbn)urn:nbn:sk:snk:ar-000qyr 
035 |a (uuid)ed59b97b-559e-4aef-a10a-aa60c17c823d 
040 |a SNKBUCL  |b slo  |c SNKBUCL  |e AACR2 
041 0 |a slo 
044 |a xo  |c SK 
080 |a 591.5  |2 1981 
100 1 |a Paulov, Štefan,  |d 1931-  |4 aut  |9 37733 
245 1 0 |a Potenciálna rizikovosť zložky syntetického agregačného feromónu (-cis- verbenolu pre živočíšne organizmy vodného prostredia  |c Štefan Paulov, Jana Paulovová, Štefan Varkonda 
300 |b Obr. 1. Res. rus., lit. 3 zázn. v slov., češ., angl. 
650 0 7 |a živočíchy  |2 snkbucl  |9 1094 
650 0 7 |a feromóny  |2 SNKPH  |9 25365 
655 7 |a články z novín a časopisov  |2 snkbucl  |9 267496 
700 1 |a Paulovová, Jana,  |d 1935-  |4 aut  |9 37126 
700 1 |a Varkonda, Štefan,  |d 1937-  |4 aut  |9 204172 
773 0 |t Biológia  |g Roč. 40, č. 6 (1985), s. 591-594 
850 |a Slovenská národná knižnica 
852 |a Slovenská národná knižnica 
954 |a odborná, vedecká literatúra pôvodná (slovenská)  |2 lita 
958 |a article15 
958 |a RK 
958 |a OND 
958 |a EUIPO 
992 |a RBX 
999 |c 2744205  |d 2746135